Word Ladder: Ride Sharing Quiz Stats

 Plays Quiz Updated Sep 11, 2019

Score 0/26 Timer 03:00
1 Play Today
Clue 4-Letter Word % Correct
Not oddEVEN
97.3%
ViewedSEEN
96.3%
For alwaysEVER
95.8%
NakedBARE
94.2%
Reindeer in 'Frozen'SVEN
94%
• Car ride-share company ••UBER•
93.6%
Home to a coltBARN
92.8%
Mate of a coltMARE
92%
Swiss capitalBERN
91%
One who throws a partyHOST
90.6%
Colt or bull, e.g.MALE
86.4%
Great-great-grandson of NoahEBER
86.3%
An elevated portion of a living spaceLOFT
85.2%
Clue 4-Letter Word % Correct
J.J. Abrams TV showLOST
84.5%
Country that's home to BamakoMALI
82.7%
A very long skirtMAXI
80.5%
• Predecessor of first or last rung ••TAXI•
76.2%
• Car ride-share company ••LYFT•
75.5%
In good healthHALE
68.8%
Courtney Love's bandHOLE
68.1%
Steve on 'Arrested Development'HOLT
67.2%
One end of a hammer headPEEN
66.9%
Land created by Anne McCaffreyPERN
64.3%
London art galleryTATE
61.1%
OdiumHATE
55.8%
French director JacquesTATI
53.9%

Today's Daily Dose

You're not logged in!

Compare scores with friends on all Sporcle quizzes.
OR
Log In

Sporcle TV

Today on Sporcle TV


Watch our educational content, quiz creation guides, and fun videos on Sporcle TV.

Show Comments

Extras

Top Quizzes Today


Score Distribution

Your Account Isn't Verified!

In order to create a playlist on Sporcle, you need to verify the email address you used during registration. Go to your Sporcle Settings to finish the process.

Report this User

Report this user for behavior that violates our Community Guidelines.

Details: